Educational and Amateur Geiger Counter Experiments : 50+ Activities for Beginners and Beyond /

Saved in:
Bibliographic Details
Main Author: Riggi, Francesco (Author)
Format: Book
Language:English
Published: Cham : Springer, 2024
Tags: Add Tag
No Tags, Be the first to tag this record!

MARC

LEADER 00000nam a22000003a 4500
001 0140590
003 SK-STU
005 20260320125219.1
007 ta
008 260320s ----xo-----e------000-0-----d
020 |a 978-3-031-56962-3 
040 |a STU  |b slo 
041 0 |a eng 
044 |a sz 
100 1 |a Riggi, Francesco  |4 aut  |r Z6 
245 1 0 |a Educational and Amateur Geiger Counter Experiments :  |b 50+ Activities for Beginners and Beyond /  |c aut. Francesco Riggi 
260 |a Cham :  |b Springer,  |c 2024 
300 |a 425 s. 
996 |b 284EK91225  |c E* 91225  |l EE36  |s P  |a 0  |w 0140590_0001